Administrative Subdivisions of Transnistria on a Map - Statistics

General Stats
  • This quiz has been taken 57 times
  • The average score is 4 of 7
Answers on the Map
Answers color-coded by a green-red scale on the quiz's map according to % correct below.
 
Answer Stats
Answer % Correct
Tiraspol
100%
Bender
62%
Rîbnița
59%
Dubăsari
52%
Grigoriopol
48%
Camenca
45%
Slobozia
34%
No matching quizzes found
Score Distribution
Percent of People with Each Score
Percentile by Number Answered
Your Score History
You have not taken this quiz